000 00557nam a2200193Ia 4500
005 20250326141705.0
008 250326s9999 xx 000 0 und d
020 _a0-13-478413-8
037 _aTextbook
040 _aFMSL
_beng
_cFMSL
041 _aeng
_2eng
084 _aT.7 M8
_qFMSL
100 _aRusch Frank R
_9744907
245 0 _aIntroduction to behaviour analysis in special education
_cRusch Frank R
260 _aEnglewood
_bEnglewood, Prentice- Hall
_c1988
300 _a399p
942 _cTB
_hT.7 M8
999 _c1291514
_d1291514